UK TV Sitcoms 5 - Statistics

General Stats
  • This quiz has been taken 118 times
  • The average score is 7 of 15
Answer Stats
Question Answer % Correct
Stephanie Cole, played Diana, in BBCs sitcom called, "Waiting for..."? God
93%
What was the 'vicars' first name, in BBC sitcom, Vicar of Dibley? Geraldine
76%
In which BBC sitcom, did grandad live next door, and always wanted his "puddin!"? Bread
75%
Who played Betty Spencer, in Some Mothers do Av Em from the BBC? Michelle Dotrice
64%
Richard O'Sullivan, starred in Man About the House. What spin-off sitcom followed, when he again played Robin Tripp from 1977? Robin's Nest
64%
Which (now) non-politically correct sitcom did Thames TV bring us in 1972, lasting 8 series? Love Thy Neighbour
61%
Clive Dunn, of Dad's Army fame, also starred in a BBC1 children's TV sitcom. What was it called? Grandad
60%
Which permanent resident of Fawlty Towers, was played by Ballard Berkeley? Major
52%
Which ITV region, brought us 'Man About the House' in the 70s? Thames
48%
Which sitcom did John Thaw star in, playing a middle aged father, with a grown up son? Home to Roost
42%
The (original) ballroom dancing characters in BBCs Hi-de-hi, were called Barry and Yvonne.... what? Stewart - Hargreaves
25%
Beryl and Arthur Crabtree, were the main characters in which BBC TV 80s sitcom (5 series)? No Place Like Home
21%
Mel Smith starred in a BBC sitcom, playing a British Rail administrator, what was the show? Colin's Sandwich
20%
After 'On the Buses', Stephen Lewis (Blakey), starred in a spin-off, moving to Spain with his sister (Pat Coombs). What was it called? Don't Drink the Water
17%
What was Jack's surname, in LWTs On the Buses? Harper
15%
No matching quizzes found
Score Distribution
Percent of People with Each Score
Percentile by Number Answered
Your Score History
You have not taken this quiz